| 000 | 00374nam a22001457a 4500 | ||
|---|---|---|---|
| 020 | _qPB. | ||
| 040 | _cFIZZA ISHAQ | ||
| 082 |
_a005.2762 _bAND |
||
| 100 |
_aVOGEL, ANDREES. _955396 |
||
| 245 |
_aJAVA PROGRAMMING WITH COBRA / _cANDREES VOGEL & KEITH DUDDY |
||
| 250 | _a2ND ED. | ||
| 260 |
_aNEW YORK : _bWILEY PUBLISHER, _c1998. |
||
| 300 | _a514 P. ; | ||
| 942 |
_2ddc _cBK |
||
| 999 |
_c566251 _d566251 |
||